000 003000000a22000970004500
100 1 _aGreen, Joel B.
245 1 0 _aPreparation for passover (Luke 22:7-13) : A question or redactional technique
300 _aVol. 29, Num. 4 (Octubre, 1987), Páginas 305-319
773 0 _tNovum Testamentum
942 _cANA
999 _c56740
_d56740